Loading...

Wayanattile Aadivasipattukal/

Bibliographic Details
Main Author: Chandramohanan S R
Format: Printed Book
Published: Kozhikode: Mathrubhumi Books, 2013.
Subjects:
LEADER 00804nam a22001817a 4500
020 |a 9788182658479 
082 |a M 398.357 8  |b CHA/W 
100 |a Chandramohanan S R  |9 173710 
245 |a Wayanattile Aadivasipattukal/  |c by Chandramohanan S R  
260 |a Kozhikode:  |b Mathrubhumi Books,  |c 2013. 
650 |a Folk Songs   |9 173711 
650 |a Adivasi Songs  |9 173712 
650 |a Folklore   |9 173713 
650 |a Social Sciences  |9 173714 
942 |c BK 
999 |c 64802  |d 64802 
952 |0 0  |1 0  |4 0  |6 M_398_357000000000000_8_CHA_V  |7 0  |9 86401  |a SSUS  |b SSUS  |c STACKS  |d 2017-04-18  |g 125.00  |l 1  |o M 398.357 8 CHA/V  |p 084205  |r 2018-02-15  |s 2018-01-22  |w 2017-04-18  |y BK 
952 |0 0  |1 0  |4 0  |6 M_398_357000000000000_8_CHA_V  |7 0  |9 86402  |a SSUS  |b SSUS  |c STACKS  |d 2019-08-16  |g 125.00  |l 1  |o M 398.357 8 CHA/V  |p 095895  |r 2020-07-23  |s 2020-01-30  |w 2019-08-16  |y BK